| 000 | 00754cab a2200241 4500 | ||
|---|---|---|---|
| 001 | X2816 | ||
| 008 | 090401t1995 xxu||||| |||| 00| 0 eng d | ||
| 035 | _a(Sirsi) u26530 | ||
| 041 | _aeng | ||
| 245 | _aStandards and practice report | ||
| 260 | _c1995 | ||
| 350 | _a0 | ||
| 490 |
_aCSM (Chartered Surveyor Monthly) _v5(1) September 1995, 12(1) |
||
| 520 | _aProvides a list of recently completed and work in progress of the RICS Standard and practice committee. | ||
| 650 | _aDISCIPLINARY PROCEDURES | ||
| 650 | _aDISPUTE MECHANISMS | ||
| 650 | _aRICS RULES OF CONDUCT | ||
| 650 | _aSTANDARDS AND PRACTICE | ||
| 650 | _aWOOLF REPORT | ||
| 690 | _aMANAGEMENT-BUSINESS MANAGEMENT-PROFESSIONAL PRACTICE | ||
| 942 | _n0 | ||
| 948 | _c04/03/1997 | ||
| 999 |
_c17836 _d17836 |
||